=LDR 00000nam 2200000 4500 =001 INLIS000000000029892 =005 20130612132105 =008 ***********************************Ind** =035 ##$$0010-061300000029892 =041 ##$$a Ind =082 ##$$a F Rom K =090 ##$$a F Rom K, Bad d =100 ##$$a Badru, Syahidin =245 ##$$a Dewa mandu, Syahidin Badru =260 ##$$a 1999 $b Jakarta =300 ##$$a ix, 70 hlm, ilus, 21 cm =650 ##$$a Fiksi Kanak-kanak =850 ##$$a NBPNMAT =990 ##$$a 21601766/BPAP-NTB/2017